HANDBOOK OF HPLC HPTLC (Record no. 223984)

MARC details
000 -LEADER
fixed length control field 00275 a2200109 4500
005 - DATE AND TIME OF LATEST TRANSACTION
control field 20260214113345.0
020 ## - INTERNATIONAL STANDARD BOOK NUMBER
International Standard Book Number 9789390709809
100 ## - MAIN ENTRY--PERSONAL NAME
Personal name NEMA, RAJESH KUMAR
245 ## - TITLE STATEMENT
Title HANDBOOK OF HPLC HPTLC
260 ## - PUBLICATION, DISTRIBUTION, ETC.
Name of publisher, distributor, etc. C.B.S. PUBLISHERS & DISTRIBUTORS, NEWDELHI
Date of publication, distribution, etc. 2021
942 ## - ADDED ENTRY ELEMENTS (KOHA)
Koha item type Book
Holdings
Withdrawn status Lost status Source of classification or shelving scheme Damaged status Not for loan Home library Current library Shelving location Date acquired Total Checkouts Barcode Date last seen Price effective from Koha item type
    Dewey Decimal Classification     Mewar University Central Library Mewar University Central Library Pharmacy 20/03/2026   PH6733 20/03/2026 20/03/2026 Book